Poema de Chile

Zapisane w:
Opis bibliograficzny
Format: Książka
Język:hiszpański
Wydane: Santiago La Pollera Ediciones 2013
Wydanie:2a. ed
Hasła przedmiotowe:
Etykiety: Dodaj etykietę
Nie ma etykietki, Dołącz pierwszą etykiete!

MARC

LEADER 00000cam a2200000 a 4500
001 UCE2525
003 CL-VaPUC
008 140710e20130000cl |||||||||||||||||spa|d
020 |a 9789569203046 
082 0 4 |a Ch861  |b MIS  |2 21 
245 1 0 |a Poema de Chile 
250 |a 2a. ed 
300 |a 343 p 
942 |c BK 
945 |d 20140710 11:54:00  |a dcastane 
260 |a Santiago  |b La Pollera Ediciones  |c 2013 
650 0 |a Poesías chilenas   |9 265280 
650 0 |a Literatura chilena   |9 308278 
583 |a last modification  |c 20140710 11:54:00  |k Rodrigo Vera 
999 |c 356115  |d 356113 
952 |0 0  |1 0  |3 erb  |4 0  |6 CH_861_000000000000000_MIS_2013  |7 0  |8 A  |9 463255  |a BIBEDU  |b BIBEDU  |c ES_NOD  |i 5077818  |l 1  |o Ch861 MIS 2013  |p 5077818  |r 2025-04-08  |s 2025-04-08  |w 2019-11-23  |y BK  |z Catalogado en:20140710  |k LIT 
952 |0 0  |1 0  |3 erb  |4 0  |6 CH_861_000000000000000_MIS_2013  |7 0  |8 A  |9 463256  |a BIBEDU  |b BIBEDU  |c ES_NOD  |i 5138051  |l 2  |m 1  |o Ch861 MIS 2013  |p 5138051  |r 2024-04-04  |s 2024-04-02  |w 2019-11-23  |y BK  |z Catalogado en:20150305  |k LIT